000 01461cam a2200265 a 4500
003 EG-GiCUC
005 20250223031030.0
008 140825s2013 ua h f m 000 0 eng d
040 _aEG-GiCUC
_beng
_cEG-GiCUC
041 0 _aeng
049 _aGift
097 _aM.Sc
099 _aCai01.34.M.Sc.2013.En.D
100 0 _aEngy Moustafa Aly Maher
245 1 0 _aDevice - to - device (D2D) communications in cellular networks /
_cEngy Moustafa Aly Maher ; Supervised Khaled Shawky Hassan
260 _aCairo :
_bEngy Moustafa Aly Maher ,
_c2013
300 _a80 Leaves :
_bfacsimiles ;
_c30cm
502 _aThesis (M.Sc.) - German University - Faculty of Postgraduate Studies and Scientific Research - Department of Communications
520 _aDevice - to - device (D2D) communications between user equipments (UEs) that lead to effecient reuse of radio resources is likely to become integral to the future 5G standards. In such a D2D system. UEs do not necessary communicate via evolved Node Base station (eNB): however, they are allowed to communicate directly with each other. On the one hand, this underlying communication structure offers a short yet, fast communication links that permits to offload the network increase the capacity and extend the cellular coverage
700 0 _aKhaled Shawky Hassan ,
_eSupervisor
856 _uhttp://172.23.153.220/th.pdf
905 _aNazla
_eRevisor
905 _aSamia
_eCataloger
942 _2ddc
_cTH
999 _c47022
_d47022